000 00597nam a2200193Ia 4500
003 GCL
008 140319s9999 xx 000 0 ara d
020 _a202283977
040 _aGCL /
_cGCL
082 0 4 _a813.01
_bع ا
100 1 _aعبدالغفار مكاوى
245 1 0 _aاحزان عازف الكمان :
_bقصص /
_cعبدالغفار مكاوى
250 _aالاولى
260 _aالقاهرة :
_bدار شرقيات للنشر ،
_c2006
300 _a278 ص ؛
_c20 سم
650 0 4 _aالقصص القصيرة
650 0 4 _aالقصص - مجموعات
942 _2ddc
_cBK
999 _c8893
_d8893